Vista normal
Vista MARC
- Deterioro ambiental
Entrada Término temático
Número de registros utilizados en: 2
001 - NÚMERO DE CONTROL
- campo de control: 54
003 - IDENTIFICADOR DE NÚMERO DE CONTROL
- campo de control: gtuscu
005 - FECHA Y HORA DE LA ÚLTIMA TRANSACCIÓN
- campo de control: 20251110112920.0
008 - ELEMENTOS DE DATO DE LONGITUD-FIJA
- campo de control de longitud fija: 251110|| azz||babn | a|a d
040 ## - FUENTE DE CATALOGACIÓN
- Centro catalogador/agencia de origen: gtuscu
150 14 - ENCABEZAMIENTO--TÉRMINO DE MATERIA
- Término de materia o nombre geográfico como elemento de entrada: Deterioro ambiental
- Subdivisión geográfica: Guatemala